000 00274 a2200097 4500
001 12906
100 _aMinkoff,John
245 _aSignal Processing Fundamentals and Applications for Communications and Sensing Systems.
260 _a
_bArtech House
_c
090 _c9884
_d9884
942 _aNUST-CAE
_cM
_c36804
999 _c247979
_d247979